000 00971nas a2200325 4500
001 BR0403246
003 BR-BrBNA
005 20231205104640.0
007 ta
008 230509b bl.|||p| |||| 00| 00por d
040 _aBR-BrBNA
_bpor
_cBiblioteca Nacional de Agricultura
041 _a(Pt)
072 _aQ03; E70
100 1 _aCapistrano, D.L.
100 1 _aGermano, P.M.L.
100 1 _aGermano, M.I.S.
245 1 _aFeiras livres do município de São Paulo sob o ponto de vista legislativo e sanitário
650 _aALIMENTO
650 _aCOMERCIALIZAÇÃO
650 _aHIGIENE DE ALIMENTO
650 _aARMAZENAMENTO DE ALIMENTO
650 _aFEIRA
650 _aMERCADORIA
650 _aSAÚDE PÚBLICA
650 _aMANEJO DE ÁGUA
650 _aSÃO PAULO
773 0 _tHigiene Alimentar (Brazil)
_xISSN 0101-9171
_g(Jan-Feb 2004), v. 18(116-117) p. 37-43
_wBR0403246
909 _a202311
_bLúcia
_c55
_dLúcia Elande
942 _2AGRIS
_n0
_cANA
999 _c179111
_d179111